| 000 | 01006nam a2200241Ia 4500 | ||
|---|---|---|---|
| 008 | 100315s9999 xx 000 0 und d | ||
| 020 | _a015003719 | ||
| 040 | _cENGLISH | ||
| 082 |
_b8518 _a657 |
||
| 100 | _a"Miller, Martin A. " | ||
| 245 | _aMillers Prefferable Accounting Priniciples : a comprehensive restatement of the prefferable accounting principles created by FASB statement 32 | ||
| 260 |
_aNEW YORK _bHBJ _c1980 |
||
| 300 | _a513 | ||
| 365 |
_eRupees _d1 _b0.00 |
||
| 366 | _f0 | ||
| 505 | _gRamakant Amar Navghare | ||
| 530 | _bDonated By RBI Library | ||
| 620 | _aAccounting Priniciples | ||
| 630 | _aMillers Prefferable Accounting Priniciples : a comprehensive restatement of the prefferable accounting principles created by FASB statement 32 | ||
| 650 | _aACCOUNTING | ||
| 730 | _aMillers Prefferable Accounting Priniciples : a comprehensive restatement of the prefferable accounting principles created by FASB statement 32 | ||
| 942 | _cBOOK | ||
| 999 |
_c483253 _d483250 |
||